Un animal doué de raison /

Guardat en:
Dades bibliogràfiques
Autor principal: Merle, Robert (autor)
Format: Llibre
Idioma:francès
Publicat: París, Francia : Gallimard, 1967, c1967
Matèries:
Etiquetes: Afegir etiqueta
Sense etiquetes, Sigues el primer a etiquetar aquest registre!

MARC

LEADER 00000nam^a2200000^a^4500
001 000163954
005 20250521000000.0
009 20260310100925.565
037 |a Acervo ITESO - Biblioteca 
041 |a FRA 
082 |a 843.  |b MER 
100 |a Merle, Robert  |e (autor) 
240 1 4 |a [Un animal dotado de razón] 
245 1 3 |a Un animal doué de raison /  |c R. Merle. 
264 4 |a París, Francia :  |b Gallimard,  |c 1967, c1967 
300 |a 368 p. 
336 |a texto  |b txt  |2 rdacontenido 
337 |a sin mediación  |b n  |2 rdamedio 
338 |a volumen  |b nc  |2 rdasoporte 
649 |a XX 
650 |a Novela Francesa 
650 |a Literatura Francesa -  |y Siglo XX 
650 |a Ciencia-Ficción 
650 |a Literatura y Política 
650 |a Delfines 
650 |a Cetáceos 
650 |a Marsopas 
650 |a Mamíferos 
650 |a Aprendizaje Animal 
650 |a Lenguaje (Adquisición) 
650 |a Psicología Cognitiva 
650 |a Etología 
650 |a Zoología 
650 |a Biología 
650 |a Psicología 
650 |a Política Internacional 
910 |a Fondo Armando Suárez Gómez 
920 |a Impresos - Libros 
930 |a Fondos Especiales 
940 |a Literatura 
905 |a 111 
901 |a 0700005740  |b IT2  |c ESP  |u 20250521 
902 |a https://opac.biblio.iteso.mx/vufind/Record/000163954